000 00742 a2200181 4500
003 Nust
005 20170207153157.0
040 _cNust
082 _a005.8
100 _aKhan, Kaleemullah (MSIS-2)
245 _a Authentication in multi hop wireless mesh networks
_cKaleemullah Khan
260 _bMCS (NUST)
_cJan, 2007
_aRawalpindi
300 _aix, 79, p.
505 _aIntroduction (page-1) Wireless mesh networks (page-6) Protocol for carrying authentication for network access (page-24) Extensible authentication protocol (page-35) Analysis of eap methods (page-46) Authentication framework for a multi hop mesh network (page-63) Conclusion (page-74)
538 _aAlmirah No. 70 Shelf No. 3
650 _aPG Thesis
651 _aMSIS-2
942 _cTHS
999 _c180796
_d180796